Star wars, beware the dark side / (Record no. 4280)

MARC details
000 -LEADER
fixed length control field 01172cam a2200373 a 4500
001 - CONTROL NUMBER
control field 4280
003 - CONTROL NUMBER IDENTIFIER
control field FISKH
005 - DATE AND TIME OF LATEST TRANSACTION
control field 20240711143803.0
008 - FIXED-LENGTH DATA ELEMENTS--GENERAL INFORMATION
fixed length control field 070921s2007 enka j 001 0 eng d
010 ## - LIBRARY OF CONGRESS CONTROL NUMBER
LC control number 2007299228
020 ## - INTERNATIONAL STANDARD BOOK NUMBER
International Standard Book Number 9780756631154 (hbk.)
020 ## - INTERNATIONAL STANDARD BOOK NUMBER
International Standard Book Number 0756631157 (hbk.)
020 ## - INTERNATIONAL STANDARD BOOK NUMBER
International Standard Book Number 9780756631147 (pbk.)
020 ## - INTERNATIONAL STANDARD BOOK NUMBER
International Standard Book Number 0756631149 (pbk.)
040 ## - CATALOGING SOURCE
Original cataloging agency BKX
Transcribing agency BKX
Modifying agency BAKER
-- DLC
Language of cataloging eng
050 00 - LIBRARY OF CONGRESS CALL NUMBER
Classification number PN1995.9.S695
082 04 - DEWEY DECIMAL CLASSIFICATION NUMBER
Classification number 791.43/75
100 1# - MAIN ENTRY--PERSONAL NAME
Personal name Beecroft, Simon.
245 10 - TITLE STATEMENT
Title Star wars, beware the dark side /
Statement of responsibility, etc. written by Simon Beecroft.
246 30 - VARYING FORM OF TITLE
Title proper/short title Beware the dark side
260 ## - PUBLICATION, DISTRIBUTION, ETC.
Place of publication, distribution, etc. London ;
-- New York :
Name of publisher, distributor, etc. DK,
Date of publication, distribution, etc. 2007.
300 ## - PHYSICAL DESCRIPTION
Extent 48 pages :
Other physical details color illustrations ;
Dimensions 23 cm
490 1# - SERIES STATEMENT
Series statement DK readers. 4, Proficient readers
500 ## - GENERAL NOTE
General note "Lucas books."
500 ## - GENERAL NOTE
General note Includes index.
505 ## - FORMATTED CONTENTS NOTE
Formatted contents note P<br/>
520 ## - SUMMARY, ETC.
Summary, etc. Text and photographs from the movies describe the evil characters in the Star Wars films.
521 8# - TARGET AUDIENCE NOTE
Target audience note 650<br/>
Source Lexile estimate <br/><br/>
521 8# - TARGET AUDIENCE NOTE
Target audience note P<br/>
Source Raz-Plus<br/>
650 #0 - SUBJECT ADDED ENTRY--TOPICAL TERM
Topical term or geographic name entry element Star Wars films
Form subdivision Juvenile literature.
906 ## - LOCAL DATA ELEMENT F, LDF (RLIN)
a 7
b cbc
c copycat
d 2
e ncip
f 20
g y-gencatlg
942 ## - ADDED ENTRY ELEMENTS (KOHA)
Source of classification or shelving scheme Dewey Decimal Classification
Koha item type Books
Suppress in OPAC No
Holdings
Withdrawn status Lost status Source of classification or shelving scheme Damaged status Not for loan Collection Home library Current library Shelving location Date acquired Total Checkouts Full call number Barcode Date last seen Date last checked out Price effective from Koha item type
    Dewey Decimal Classification     Juvenile Fiction Footprints International School Library Network Toul Kork Campus Footprints International School Library Network Toul Kork Campus TK Primary Library Room(4th Floor), Bookcase 5&6, Shelves 33-56, Orange Books 07/11/2024 1 BEE 791.43 PN1995.695 FISTK01397 12/16/2025 10/17/2025 07/11/2024 Books